00963cam a2200265 i 4500999001500000001000500015003000900020005001700029008004100046022001500087040002800102043001200130082001900142100001900161245004600180260005600226300002700282504005100309650002400360650003500384650003200419942001200451952011700463952011700580 c7717d77178794BD-DhUAP20210130123837.0210130s1979 enk b 001 0 eng  28185353220 aDLCcDLCdBD-DhUAPbeng ae-uk---00a349.41 DEN2231 aDenning, Lord.14aThe discipline of law /cby Lord Denning. aNew Delhi :bAditya books,cc1979 [Reprinted 1993]. axxii, 331 p. ;c23 cm. aIncludes bibliographical references and index. 0aLawzGreat Britain. 0aJudge-made lawzGreat Britain. 0aSociological jurisprudence. 2ddccBK 00102ddc4070aUAPCLbUAPCLcReserve Stacksd2021-01-30o349.41 DENp3010008794r2021-01-30t1w2021-01-30yBK 00102ddc4070aUAPCLbUAPCLcReserve Stacksd2021-02-01o349.41 DENp3010009539r2021-02-01t2w2021-02-01yBK